Statistics for Survivor: Marquesas Contestants (Final Placements)

Click here to take the quiz!

General Stats

  • This quiz has been taken 198 times
  • The average score is 14 of 16

Answer Stats

HintAnswer% Correct
10thRob Mariano
97%
WinnerVecepia Towery
95%
3rdKathy Vavrick O'Brien
92%
Runner-UpNeleh Dennis
90%
4thPaschal English
88%
9thJohn Carroll
87%
5thSean Rector
87%
6thRobert DeCanio
82%
8thZoe Zanidakis
82%
16thPeter Harkey
81%
7thTammy Leitner
81%
11thGina Crews
79%
14thHunter Ellis
79%
15thPatricia Jackson
79%
13thSarah Jones
79%
12thGabriel Cade
77%

Score Distribution

Percentile by Number Answered

Percent of People with Each Score

Your Score History

You have not taken this quiz